000 01192cam a22003375i 4500
001 21929759
003 NUST
005 20210719113949.0
008 210307s2021 pk k bl 001 0 eng
010 _a 2021319349
038 _aWaseem
040 _aDLC
_beng
_erda
_cDLC
042 _alcode
_apcc
043 _aa-pk---
082 _a347.4210954
_bBAS
100 1 _aBasit, Mohammad Abdul,
_ewriter of added commentary.
_981046
245 1 0 _aLaw of defamation & malicious prosecution with model forms (civil & criminal) /
_cby Muhammad Abdul Basit, Advocate High Court.
246 3 _aLaw of defamation and malicious prosecution with model forms (civil & criminal)
250 _aFourth edition.
264 1 _aRawalpindi :
_bFederal Law House,
_c2021.
300 _ax, 318 pages :
_bforms ;
_c25 cm
336 _atext
_btxt
_2rdacontent
337 _aunmediated
_bn
_2rdamedia
338 _avolume
_bnc
_2rdacarrier
504 _aIncludes bibliographical references (page 313) and index.
563 _aHBK.
710 1 2 _aPakistan.
_tDefamation ordinance, 2002.
_981047
906 _a7
_bibc
_corigode
_d2
_encip
_f20
_gy-gencatlg
942 _2ddc
_cBK
999 _c585980
_d585980